Dallas Mavericks All-Decade Teams - Statistics

General Stats
  • This quiz has been taken 23 times
  • The average score is 15 of 25
Answer Stats
Decade Pos. Year(s) WS Player % Correct
2010s PF/C 2010-2019 68.4 Dirk Nowitzki
100%
2000s PF/C 2000-2009 137.1 Dirk Nowitzki
100%
2020s PG 2020-2025 48.9 Luka Doncic
100%
2010s PG 2010-2012 18.3 Jason Kidd
95%
2000s PG 2000-2004 41.7 Steve Nash
90%
2010s SG 2010-2012 15.7 Jason Terry
76%
2000s SG/PG 2005-2009 44.8 Jason Terry
76%
1980s SF 1982-1989 49.0 Mark Aguirre
76%
1990s SG 1990-1992 16.1 Rolando Blackman
71%
1980s SG 1982-1989 54.3 Rolando Blackman
71%
1990s PG/SG 1990-1994, 1997 26.4 Derek Harper
62%
2000s SF/SG 2000-2005 42.8 Michael Finley
62%
1990s SF 1997-1999 15.6 Michael Finley
62%
2020s C 2020-2026 28.1 Dwight Powell
57%
2010s C/PF 2015-2019 22.4 Dwight Powell
57%
2010s SF/PF 2010-2014 23.9 Shawn Marion
52%
1980s PG 1981-1989 47.5 Brad Davis
48%
2020s PF 2020-2023 17.6 Dorian Finney-Smith
48%
2020s PG/SG 2020-2022 14.7 Jalen Brunson
48%
2020s SG/SF 2020-2024 15.3 Tim Hardaway Jr.
48%
1990s C 1990-1992 10.2 James Donaldson
38%
1980s C 1986-1989 26.3 James Donaldson
38%
2000s C 2005-2009 27.9 Erick Dampier
24%
1990s PF 1994-1996 10.9 Popeye Jones
10%
1980s PF 1985-1989 33.7 Sam Perkins
10%
No matching quizzes found
Score Distribution
Percent of People with Each Score
Percentile by Number Answered
Your Score History
You have not taken this quiz